Top French exports - Statistics

General Stats
  • This quiz has been taken 22 times
  • The average score is 9 of 25
Answer Stats
USD Category % Correct
$21.9B Wine
100%
$8.53B Cheese & dairy
87%
$8.25B Wheat & cereals
80%
$4.31B Meat
67%
$30.9B Petroleum
67%
$29.2B Clothing
60%
$15.6B Iron & steel
60%
$40.1B Aircraft & Spacecraft
53%
$60.2B Vehicles
53%
$6.1B Vegetables & cocoa
47%
$14.7B Pesticides & chemicals
40%
$38.6B Pharmaceuticals
40%
$6.01B Shoes
33%
$25.7B Beauty products
27%
$4.1B Ships
27%
$6.81B Rubber tyres
20%
$4.50B Furniture
13%
$11.9B Jewellery
13%
$23.2B Plastics
13%
$6.52B Aluminum
7%
$4.00B Electricity
7%
$73.9B Nuclear reactors
7%
$13.9B Vehicle parts
7%
$7.69B Integrated circuits, chips
0%
$18.2B Medical instruments
0%
No matching quizzes found
Score Distribution
Percent of People with Each Score
Percentile by Number Answered
Your Score History
You have not taken this quiz